[Event "Tatry op"]
[Site "Tatranske Matliare"]
[Date "2025.05.26"]
[Round "3"]
[White "Lukac, Roman"]
[Black "Kantorik, Marian"]
[Result "1/2-1/2"]
[WhiteElo "2013"]
[BlackElo "2161"]
[PlyCount "22"]
[EventDate "2025.05.24"]
[EventType "swiss"]
[EventRounds "8"]
[EventCountry "SVK"]
[SourceTitle "CB23_2025"]
[SourceDate "2025.06.04"]
[SourceVersion "1"]
[SourceVersionDate "2025.06.04"]
[SourceQuality "1"]

1. e4 Nf6 2. e5 Nd5 3. d4 d6 4. c4 Nb6 5. f4 dxe5 6. fxe5 Nc6 7. Be3 Bf5 8. Nf3 e6 9. Nc3 Bg4 10. Qd2 Be7 11. 0-0-0 f6 1/2-1/2

[Event "Tatry op"]
[Site "Tatranske Matliare"]
[Date "2025.05.25"]
[Round "2"]
[White "Kantorik, Marian"]
[Black "Hurtak, Otto"]
[Result "1-0"]
[WhiteElo "2161"]
[BlackElo "1874"]
[PlyCount "89"]
[EventDate "2025.05.24"]
[EventType "swiss"]
[EventRounds "8"]
[EventCountry "SVK"]
[SourceTitle "CB23_2025"]
[SourceDate "2025.06.04"]
[SourceVersion "1"]
[SourceVersionDate "2025.06.04"]
[SourceQuality "1"]

1. d4 Nc6 2. g3 e5 3. d5 Nce7 4. e4 d6 5. Nc3 g6 6. Be3 Bg7 7. Qd2 Nf6 8. f3 0-0 9. 0-0-0 Bd7 10. g4 h5 11. h3 Kh7 12. Nge2 b5 13. Ng3 b4 14. Nb1 h4 15. Ne2 a5 16. Qe1 Rh8 17. Qxh4+ Kg8 18. Qe1 c6 19. g5 Nh5 20. dxc6 Bxc6 21. Nd2 d5 22. Bc5 d4 23. Kb1 Nc8 24. h4 Nb6 25. Bxb6 Qxb6 26. Ng3 Bb5 27. Nxh5 Rxh5 28. Bxb5 Qxb5 29. Qf1 Qb7 30. f4 exf4 31. Qxf4 a4 32. Rh3 Rc8 33. Rc1 Rc5 34. Rd3 Be5 35. Qg4 Qc7 36. Rf3 a3 37. b3 Rc3 38. Rd3 Bf4 39. Rxd4 Rg3 40. Qd7 Qc3 41. Nc4 Be5 42. Qe8+ Kh7 43. Qxe5 Rxh4 44. Rd7 Qf3 45. Rd8 1-0

[Event "SVK-chT 2425"]
[Site "Slovakia"]
[Date "2025.03.15"]
[Round "7.6"]
[White "Kantorik, Marian"]
[Black "Kukel, Imre1"]
[Result "0-1"]
[WhiteElo "2165"]
[BlackElo "2245"]
[PlyCount "60"]
[EventDate "2024.11.23"]
[EventType "team-tourn"]
[EventRounds "11"]
[EventCountry "SVK"]
[SourceTitle "CB14_2025"]
[SourceDate "2024.11.01"]
[SourceVersion "1"]
[SourceVersionDate "2024.11.01"]
[SourceQuality "1"]
[WhiteTeam "Dunajov/Martin"]
[BlackTeam "Komarno"]
[WhiteTeamCountry "SVK"]
[BlackTeamCountry "SVK"]

1. d4 Nf6 2. c4 g6 3. Nc3 d5 4. cxd5 Nxd5 5. g3 c5 6. Bg2 Nxc3 7. bxc3 Bg7 8. e3 Qa5 9. Bd2 Qa6 10. Ne2 Bg4 11. h3 Bd7 12. 0-0 0-0 13. Nf4 Nc6 14. Re1 e5 15. Nd5 Rad8 16. Rb1 exd4 17. cxd4 cxd4 18. exd4 Bxh3 19. Nc7 Qxa2 20. Bxh3 Rxd4 21. Re2 Rfd8 22. Qe1 Rxd2 23. Re8+ Rxe8 24. Qxe8+ Bf8 25. Rxb7 Qa1+ 26. Kg2 Qd4 27. Qe1 Ne5 28. Rb8 Qd6 29. Qe4 Qxc7 30. Re8 Qc5 0-1

[Event "SVK-chT 2425"]
[Site "Slovakia"]
[Date "2025.01.19"]
[Round "4.6"]
[White "Kantorik, Marian"]
[Black "Schwarz, Dusan"]
[Result "0-1"]
[WhiteElo "2165"]
[BlackElo "2264"]
[PlyCount "96"]
[EventDate "2024.11.23"]
[EventType "team-tourn"]
[EventRounds "11"]
[EventCountry "SVK"]
[SourceTitle "CB14_2025"]
[SourceDate "2024.11.01"]
[SourceVersion "1"]
[SourceVersionDate "2024.11.01"]
[SourceQuality "1"]
[WhiteTeam "Dunajov/Martin"]
[BlackTeam "Humenne Reinter"]
[WhiteTeamCountry "SVK"]
[BlackTeamCountry "SVK"]

1. d4 d5 2. c4 c6 3. Nf3 Nf6 4. Nc3 e6 5. e3 Nbd7 6. Qc2 Bd6 7. g4 Bb4 8. Bd2 Qe7 9. Rg1 Bxc3 10. Bxc3 Ne4 11. Bd3 Nxc3 12. Qxc3 dxc4 13. Bxc4 b6 14. 0-0-0 0-0 15. Kb1 Bb7 16. g5 Rfd8 17. e4 a5 18. Qe3 c5 19. d5 exd5 20. Bxd5 Nf8 21. h4 Bxd5 22. exd5 Qxe3 23. fxe3 Re8 24. Rd3 Re4 25. h5 Rae8 26. Re1 Nd7 27. d6 g6 28. h6 R8e6 29. b3 Rg4 30. Rg1 Rge4 31. Re1 f5 32. gxf6 Rxf6 33. Nd2 Rh4 34. Nc4 Rxh6 35. Nxb6 Nxb6 36. d7 Nxd7 37. Rxd7 Rh2 38. Ra7 h5 39. e4 Rf7 40. Rxa5 h4 41. e5 Rff2 42. Ra7 Rb2+ 43. Ka1 Rbe2 44. Rd1 Rd2 45. Re1 Rhe2 46. Rg1 Kf8 47. Ra8+ Kg7 48. Ra6 Rg2 0-1

[Event "SVK-chT1W 2425"]
[Site "Slovakia"]
[Date "2025.01.11"]
[Round "5.1"]
[White "Kantorik, Marian"]
[Black "Srvatka, Igor"]
[Result "1-0"]
[WhiteElo "2171"]
[BlackElo "2132"]
[PlyCount "57"]
[EventDate "2024.11.16"]
[EventType "team-tourn"]
[EventRounds "11"]
[EventCountry "SVK"]
[SourceTitle "CB14_2025"]
[SourceDate "2024.11.01"]
[SourceVersion "1"]
[SourceVersionDate "2024.11.01"]
[SourceQuality "1"]
[WhiteTeam "Cifer"]
[BlackTeam "Trencin PK"]
[WhiteTeamCountry "SVK"]
[BlackTeamCountry "SVK"]

1. d4 d5 2. c4 c6 3. Nf3 Nf6 4. Nc3 e6 5. e3 Nbd7 6. Qc2 Bd6 7. g4 h6 8. Rg1 Qe7 9. h4 dxc4 10. Bxc4 b5 11. Be2 b4 12. Na4 Bb7 13. g5 hxg5 14. hxg5 Ng8 15. Bd2 Rc8 16. Rc1 c5 17. Bxb4 cxb4 18. Qxc8+ Bxc8 19. Rxc8+ Qd8 20. Rxd8+ Kxd8 21. Bb5 Ne7 22. Ke2 Nd5 23. Rc1 Nc7 24. Bxd7 Kxd7 25. Nc5+ Ke7 26. Nb7 Rc8 27. Rc6 b3 28. Nxd6 Kd7 29. Ne5+ 1-0

[Event "SVK-chT1W 2425"]
[Site "Slovakia"]
[Date "2024.12.07"]
[Round "3.1"]
[White "Kantorik, Marian"]
[Black "Karacsonyi, Gellert"]
[Result "0-1"]
[WhiteElo "2171"]
[BlackElo "2384"]
[PlyCount "90"]
[EventDate "2024.11.16"]
[EventType "team-tourn"]
[EventRounds "11"]
[EventCountry "SVK"]
[SourceTitle "CB14_2025"]
[SourceDate "2024.11.01"]
[SourceVersion "1"]
[SourceVersionDate "2024.11.01"]
[SourceQuality "1"]
[WhiteTeam "Cifer"]
[BlackTeam "Komarno II"]
[WhiteTeamCountry "SVK"]
[BlackTeamCountry "SVK"]

1. d4 Nf6 2. c4 e6 3. Nf3 d5 4. e3 a6 5. cxd5 exd5 6. Nc3 Bd6 7. Bd3 Bg4 8. h3 Bh5 9. Qc2 Bg6 10. Ne5 Bxd3 11. Qxd3 0-0 12. Bd2 Re8 13. Ng4 c6 14. Qf5 Nbd7 15. Nxf6+ Nxf6 16. Qc2 Rc8 17. a4 Qb6 18. a5 Qxd4 19. 0-0 Qe5 20. f4 Qh5 21. Ra4 Re7 22. Rf3 Rce8 23. g4 Qg6 24. Qxg6 hxg6 25. Kf1 Bc5 26. g5 Ne4 27. Nxe4 Rxe4 28. Rxe4 Rxe4 29. Ke2 Bb4 30. Kd3 Bxd2 31. Kxd2 Ra4 32. e4 Rxe4 33. Rb3 Re7 34. Kd3 Kf8 35. Kd4 Ke8 36. Kc5 Kd8 37. Kb6 Kc8 38. Rf3 d4 39. f5 Re5 40. Ka7 Rxf5 41. Rd3 Rd5 42. b4 Kc7 43. h4 Rd7 44. Ka8 f5 45. Ka7 Rd8 0-1

[Event "SVK-chT 2425"]
[Site "Slovakia"]
[Date "2024.11.24"]
[Round "2.7"]
[White "Vojtek, Vladimir"]
[Black "Kantorik, Marian"]
[Result "1-0"]
[WhiteElo "2245"]
[BlackElo "2165"]
[PlyCount "113"]
[EventDate "2024.11.23"]
[EventType "team-tourn"]
[EventRounds "11"]
[EventCountry "SVK"]
[SourceTitle "CB48_2024"]
[SourceDate "2024.11.28"]
[SourceVersion "1"]
[SourceVersionDate "2024.11.28"]
[SourceQuality "1"]
[WhiteTeam "Dubnica nad Vahom"]
[BlackTeam "Dunajov/Martin"]
[WhiteTeamCountry "SVK"]
[BlackTeamCountry "SVK"]

1. e4 c5 2. c3 d6 3. d4 Nf6 4. dxc5 Nc6 5. f3 dxc5 6. Qxd8+ Nxd8 7. Be3 e5 8. Na3 Be7 9. 0-0-0 0-0 10. Ne2 Be6 11. Ng3 g6 12. Bh6 Re8 13. Bb5 Nc6 14. Nc4 Red8 15. b3 Bxc4 16. Bxc4 Na5 17. Be2 Rxd1+ 18. Rxd1 Rd8 19. Rxd8+ Bxd8 20. Nf1 Be7 21. Ne3 Bf8 22. Bg5 Kg7 23. Nd5 Nd7 24. Kc2 Bd6 25. Bb5 Nc6 26. Kd3 f6 27. Bh4 a6 28. Bxc6 bxc6 29. Ne3 Kf7 30. g4 Ke6 31. Bf2 Bc7 32. Nc4 Bd8 33. h3 Bc7 34. Nb2 f5 35. Na4 Bd6 36. Be3 fxe4+ 37. fxe4 h5 38. g5 Be7 39. h4 Kd6 40. Kc4 Kc7 41. Bxc5 Bd8 42. b4 Kb7 43. Bd6 Nb6+ 44. Nxb6 Bxb6 45. Bc5 Bc7 46. a4 Bb8 47. Kd3 Bc7 48. Bf2 Bd6 49. Kc2 Bc7 50. Bc5 Bb8 51. Kb3 Bc7 52. c4 a5 53. Be7 axb4 54. c5 Kc8 55. Kxb4 Kb7 56. Bd6 Bb8 57. a5 1-0

[Event "SVK-chT1W 2425"]
[Site "Slovakia"]
[Date "2024.11.17"]
[Round "2.1"]
[White "Kantorik, Marian"]
[Black "Kukelko, Alexey"]
[Result "1/2-1/2"]
[WhiteElo "2157"]
[BlackElo "2319"]
[PlyCount "41"]
[EventDate "2024.11.16"]
[EventType "team-tourn"]
[EventRounds "11"]
[EventCountry "SVK"]
[SourceTitle "CB51_2024"]
[SourceDate "2024.12.18"]
[SourceVersion "1"]
[SourceVersionDate "2024.12.18"]
[SourceQuality "1"]
[WhiteTeam "Cifer"]
[BlackTeam "Bratislava Doprastav"]
[WhiteTeamCountry "SVK"]
[BlackTeamCountry "SVK"]

1. Nf3 d5 2. c4 e6 3. e3 Nf6 4. b3 b6 5. Bb2 Bb7 6. Nc3 Nbd7 7. d4 Bd6 8. Bd3 0-0 9. 0-0 a6 10. Qe2 Ne4 11. Rac1 Qe7 12. Nd2 f5 13. f4 c5 14. Nf3 dxc4 15. bxc4 cxd4 16. Nxd4 Ndc5 17. Bb1 Rac8 18. Nf3 Rfd8 19. Rfd1 Nf6 20. Rd2 Nfe4 21. Rdd1 1/2-1/2

[Event "WchT Seniors 50"]
[Site "Krakow"]
[Date "2024.07.07"]
[Round "6.4"]
[White "Koop, Thilo"]
[Black "Kantorik, Marian"]
[Result "0-1"]
[WhiteElo "2088"]
[BlackElo "2198"]
[PlyCount "74"]
[EventDate "2024.07.02"]
[EventType "team-swiss"]
[EventRounds "9"]
[EventCountry "POL"]
[SourceTitle "CBM 221 Extra"]
[Source "ChessBase"]
[SourceDate "2024.09.30"]
[SourceVersion "1"]
[SourceVersionDate "2024.09.30"]
[SourceQuality "1"]
[WhiteTeam "Germany Luebeck 50"]
[BlackTeam "Slovakia 50"]
[WhiteTeamCountry "GER"]
[BlackTeamCountry "SVK"]

1. e4 e6 2. d4 d5 3. Nd2 Be7 4. Ngf3 Nf6 5. e5 Nfd7 6. Bd3 c5 7. c3 Nc6 8. 0-0 cxd4 9. cxd4 g5 10. Nb1 g4 11. Ne1 h5 12. Be3 Nb6 13. Nc3 Bd7 14. Qe2 a6 15. Nc2 Na5 16. f4 Nbc4 17. f5 Nxb2 18. fxe6 Bxe6 19. Bf5 Qc7 20. Bxe6 fxe6 21. Nb5 axb5 22. Qxb5+ Qc6 23. Qxb2 Nc4 24. Qb1 h4 25. Nb4 Qb5 26. Qg6+ Kd7 27. Rf7 Rae8 28. Bg5 Qxb4 29. Rb1 Nb2 30. Bxe7 Rxe7 31. Rxe7+ Qxe7 32. Rxb2 Kc7 33. Qxg4 Kb8 34. Qe2 h3 35. Qb5 Rc8 36. Qf1 hxg2 37. Kxg2 Qg5+ 0-1

[Event "WchT Seniors 50"]
[Site "Krakow"]
[Date "2024.07.06"]
[Round "5.4"]
[White "Kantorik, Marian"]
[Black "Linik, Yaron"]
[Result "1/2-1/2"]
[WhiteElo "2198"]
[BlackElo "1903"]
[PlyCount "137"]
[EventDate "2024.07.02"]
[EventType "team-swiss"]
[EventRounds "9"]
[EventCountry "POL"]
[SourceTitle "CBM 221 Extra"]
[Source "ChessBase"]
[SourceDate "2024.09.30"]
[SourceVersion "1"]
[SourceVersionDate "2024.09.30"]
[SourceQuality "1"]
[WhiteTeam "Slovakia 50"]
[BlackTeam "Israel Rishon Lezion 50"]
[WhiteTeamCountry "SVK"]
[BlackTeamCountry "ISR"]

1. d4 Nf6 2. Nf3 g6 3. Nc3 Bg7 4. e4 d6 5. Be2 0-0 6. h3 c6 7. Be3 b5 8. e5 dxe5 9. dxe5 Nd5 10. Nxd5 cxd5 11. 0-0 Nc6 12. Bxb5 Nxe5 13. Nxe5 Bxe5 14. Bh6 Bxb2 15. Rb1 Bg7 16. Bxg7 Kxg7 17. Bc6 Ba6 18. Bxa8 Bxf1 19. Bxd5 Ba6 20. Qd4+ Kg8 21. Qxa7 Qxd5 22. Qxa6 Ra8 23. Qe2 Qxa2 24. Rb7 Ra7 25. Rb8+ Kg7 26. Qe5+ f6 27. Qc5 Qa1+ 28. Kh2 Qe5+ 29. Qxe5 fxe5 30. Rc8 Kf6 31. Kg3 h5 32. Kf3 Ke6 33. h4 Ra3+ 34. Ke2 Kd5 35. Rg8 Rc3 36. Kd2 Rc6 37. Rg7 Rf6 38. f3 Re6 39. Ke3 e4 40. c4+ Kxc4 41. fxe4 Kc5 42. Rg8 Rf6 43. Rd8 e6 44. g3 Kc6 45. e5 Rf1 46. Rd6+ Kc5 47. Rxe6 Kd5 48. Rxg6 Kxe5 49. Rh6 Rf5 50. Ra6 Kd5 51. Rh6 Ke5 52. Rh8 Kd5 53. Rc8 Ke5 54. Rd8 Ke6 55. Ke4 Re5+ 56. Kd4 Rf5 57. Re8+ Kf6 58. Ke4 Ra5 59. Rf8+ Ke6 60. Kf4 Rd5 61. Rg8 Rf5+ 62. Ke4 Re5+ 63. Kd4 Rd5+ 64. Kc4 Rf5 65. Rg6+ Kf7 66. Rd6 Rf3 67. Rd3 Rxd3 68. Kxd3 Kf6 69. Ke4 1/2-1/2

[Event "EU-chT Seniors 50"]
[Site "Terme Catez"]
[Date "2024.05.13"]
[Round "7.4"]
[White "Sajovic, Marko"]
[Black "Kantorik, Marian"]
[Result "1/2-1/2"]
[WhiteElo "2129"]
[BlackElo "2193"]
[PlyCount "95"]
[EventDate "2024.05.07"]
[EventType "team-swiss"]
[EventRounds "9"]
[EventCountry "SLO"]
[SourceTitle "CBM 220 Extra"]
[Source "ChessBase"]
[SourceDate "2024.07.31"]
[SourceVersion "1"]
[SourceVersionDate "2024.07.31"]
[SourceQuality "1"]
[WhiteTeam "Slovenia Kralj 50"]
[BlackTeam "Slovakia 50"]
[WhiteTeamCountry "SLO"]
[BlackTeamCountry "SVK"]

1. e4 e6 2. d4 b6 3. c4 Bb7 4. Nc3 Bb4 5. Bd3 f5 6. Qh5+ g6 7. Qe2 Nf6 8. d5 fxe4 9. Bxe4 Nxe4 10. Qxe4 0-0 11. Nge2 exd5 12. cxd5 Qe7 13. Qxe7 Bxe7 14. Be3 Na6 15. 0-0-0 Bc5 16. h4 Bxe3+ 17. fxe3 Rae8 18. e4 Nc5 19. Ng3 Ba6 20. Kc2 Rf2+ 21. Rd2 Nd3 22. Rxf2 Nxf2 23. Re1 h5 24. a4 Nd3 25. Rd1 Ne5 26. Nb5 Bxb5 27. axb5 Rf8 28. Rf1 Nc4 29. Rf3 Nd6 30. Kd3 Nxb5 31. Rxf8+ Kxf8 32. e5 Ke7 33. Ne2 c6 34. d6+ Ke6 35. Ke4 a5 36. Nf4+ Kf7 37. Kd3 a4 38. g3 c5 39. Nd5 a3 40. bxa3 Nxa3 41. Nxb6 Ke6 42. Ke4 Nb1 43. Kd3 Kxe5 44. Nxd7+ Kxd6 45. Nf8 Ke5 46. Nxg6+ Kf5 47. Nf4 Kg4 48. Kc4 1/2-1/2

[Event "EU-chT Seniors 50"]
[Site "Terme Catez"]
[Date "2024.05.12"]
[Round "6.4"]
[White "Kantorik, Marian"]
[Black "Karlsson, Agust Sindri"]
[Result "1/2-1/2"]
[WhiteElo "2193"]
[BlackElo "2228"]
[PlyCount "58"]
[EventDate "2024.05.07"]
[EventType "team-swiss"]
[EventRounds "9"]
[EventCountry "SLO"]
[SourceTitle "CBM 220 Extra"]
[Source "ChessBase"]
[SourceDate "2024.07.31"]
[SourceVersion "1"]
[SourceVersionDate "2024.07.31"]
[SourceQuality "1"]
[WhiteTeam "Slovakia 50"]
[BlackTeam "Iceland 50"]
[WhiteTeamCountry "SVK"]
[BlackTeamCountry "ISL"]

1. e4 c6 2. Nf3 d5 3. d3 dxe4 4. dxe4 Qxd1+ 5. Kxd1 Bg4 6. Be2 Nd7 7. Ne1 Bxe2+ 8. Kxe2 Nc5 9. f3 e5 10. Be3 Ne6 11. c3 Bc5 12. Bxc5 Nxc5 13. Nd2 0-0-0 14. Nc4 f6 15. a4 Nb3 16. Rd1 Nh6 17. Nd3 Nf7 18. Nd2 Nxd2 19. Rxd2 Ng5 20. b4 Ne6 21. Rhd1 Kc7 22. g3 g5 23. Nf2 Rxd2+ 24. Rxd2 h5 25. Ke3 a5 26. Nd3 Ra8 27. Nc5 Nxc5 28. bxc5 Rd8 29. Rxd8 Kxd8 1/2-1/2

[Event "EU-chT Seniors 50"]
[Site "Terme Catez"]
[Date "2024.05.09"]
[Round "3.4"]
[White "Guilfoyle, John M"]
[Black "Kantorik, Marian"]
[Result "1/2-1/2"]
[WhiteElo "2070"]
[BlackElo "2193"]
[PlyCount "117"]
[EventDate "2024.05.07"]
[EventType "team-swiss"]
[EventRounds "9"]
[EventCountry "SLO"]
[SourceTitle "CBM 220 Extra"]
[Source "ChessBase"]
[SourceDate "2024.07.31"]
[SourceVersion "1"]
[SourceVersionDate "2024.07.31"]
[SourceQuality "1"]
[WhiteTeam "England 50 III"]
[BlackTeam "Slovakia 50"]
[WhiteTeamCountry "ENG"]
[BlackTeamCountry "SVK"]

1. d4 Nf6 2. c4 e6 3. Nc3 Bb4 4. e3 0-0 5. Bd3 d5 6. Nf3 c5 7. 0-0 Nc6 8. a3 Bxc3 9. bxc3 b6 10. a4 Bb7 11. Ba3 Qe7 12. Nd2 Na5 13. cxd5 exd5 14. Nb3 Nxb3 15. Qxb3 Qc7 16. Be2 Rfe8 17. Bf3 c4 18. Qb2 Bc6 19. a5 b5 20. Bb4 a6 21. g3 Re6 22. Rae1 Rae8 23. Qd2 h5 24. Qd1 g6 25. h4 Bd7 26. Bg2 Ne4 27. Bxe4 Rxe4 28. Kg2 Qc6 29. f3 Qe6 30. Kf2 Rxe3 31. Qd2 Rxe1 32. Rxe1 Qxe1+ 33. Qxe1 Rxe1 34. Kxe1 f6 35. Kf2 Kf7 36. Ke3 g5 37. Kf2 Bf5 38. Bc5 Bc2 39. Bb4 Bd1 40. Ke3 Ke6 41. Bc5 Kf5 42. Bb4 Kg6 43. Bc5 Kf7 44. Bb4 Ke6 45. Bc5 Kd7 46. Bb4 Kc6 47. f4 gxh4 48. gxh4 Bg4 49. Be7 Bf5 50. Bb4 Be4 51. Kf2 Kd7 52. Kg3 Ke6 53. Bc5 Kf5 54. Bb4 Bc2 55. Kf3 Bd1+ 56. Kg3 Ke4 57. Be7 Bg4 58. Bb4 Kd3 59. Kf2 1/2-1/2

[Event "SVK-chT1E 2223"]
[Site "Slovakia"]
[Date "2023.11.25"]
[Round "3.3"]
[White "Kantorik, Marian"]
[Black "Panko, Eduard1"]
[Result "1/2-1/2"]
[WhiteElo "2184"]
[BlackElo "2069"]
[PlyCount "83"]
[EventDate "2023.10.21"]
[EventType "team-tourn"]
[EventRounds "11"]
[EventCountry "SVK"]
[SourceTitle "EXT 2025"]
[Source "ChessBase"]
[SourceDate "2024.10.14"]
[SourceVersion "1"]
[SourceVersionDate "2024.10.14"]
[SourceQuality "1"]
[WhiteTeam "Dunajov Martin"]
[BlackTeam "Stropkov/Svidnik"]
[WhiteTeamCountry "SVK"]
[BlackTeamCountry "SVK"]

1. d4 f5 2. g3 e6 3. Bg2 Nf6 4. b3 Be7 5. Bb2 0-0 6. Nd2 a5 7. a3 Qe8 8. Nh3 d5 9. 0-0 h6 10. Nf4 g5 11. Nd3 Nbd7 12. c4 c6 13. f3 Qg6 14. e4 Bd8 15. Qe2 Bc7 16. Ne5 Qh7 17. Rae1 f4 18. gxf4 Nh5 19. fxg5 hxg5 20. Rf2 Nxe5 21. dxe5 Bb6 22. c5 Bd8 23. Nf1 Nf4 24. Qc2 Qh4 25. Ne3 b5 26. Ng4 Ra7 27. Rd1 Rh7 28. Bc1 Rg7 29. Bxf4 Rxf4 30. Rc1 Qh7 31. Re2 Rgf7 32. Qd2 Bc7 33. h3 Rg7 34. Qc3 Rg6 35. Qe3 Qg7 36. Qd4 Rxg4 37. fxg4 Bxe5 38. Qd3 d4 39. Rf1 Rf6 40. Rxf6 Qxf6 41. Rf2 Bf4 42. Rxf4 1/2-1/2

[Event "SVK-chT2C 2324"]
[Site "Slovakia"]
[Date "2023.11.12"]
[Round "4.2"]
[White "Kantorik, Marian"]
[Black "Demian, Milan"]
[Result "1-0"]
[WhiteElo "2184"]
[BlackElo "1975"]
[PlyCount "85"]
[EventDate "2023.10.07"]
[EventType "team-tourn"]
[EventRounds "11"]
[EventCountry "SVK"]
[SourceTitle "EXT 2025"]
[Source "ChessBase"]
[SourceDate "2024.10.14"]
[SourceVersion "1"]
[SourceVersionDate "2024.10.14"]
[SourceQuality "1"]
[WhiteTeam "Zilina Mladost II"]
[BlackTeam "Detva"]
[WhiteTeamCountry "SVK"]
[BlackTeamCountry "SVK"]

1. d4 g6 2. e4 Bg7 3. Nc3 c5 4. dxc5 Bxc3+ 5. bxc3 Nf6 6. Bd3 Qa5 7. Ne2 Qxc5 8. Be3 Qa5 9. 0-0 0-0 10. Qd2 d5 11. e5 Ne4 12. Qe1 Nc6 13. Rb1 Nxe5 14. Bd4 Nxd3 15. cxd3 Nd6 16. Ng3 Re8 17. f4 Bf5 18. Rxb7 Bxd3 19. Qe5 f6 20. Qe6+ Nf7 21. Re1 Qa6 22. Qxa6 Bxa6 23. Rbxe7 Rxe7 24. Rxe7 f5 25. Bxa7 Bc4 26. a4 Rc8 27. Bd4 Kf8 28. Ra7 Rc6 29. Nf1 Ra6 30. Ne3 Rxa7 31. Bxa7 Bb3 32. a5 Ke8 33. Kf2 Nd6 34. Ke2 Kd7 35. Kd3 Ke6 36. Bb8 Ba4 37. Bxd6 Kxd6 38. Kd4 Bc6 39. g3 Bb7 40. Nc2 h6 41. Nb4 g5 42. a6 Ba8 43. Nc2 1-0

[Event "SVK-chT1E 2223"]
[Site "Slovakia"]
[Date "2023.10.22"]
[Round "2.5"]
[White "Hotak, Marian"]
[Black "Kantorik, Marian"]
[Result "0-1"]
[WhiteElo "1952"]
[BlackElo "2184"]
[PlyCount "75"]
[EventDate "2023.10.21"]
[EventType "team-tourn"]
[EventRounds "11"]
[EventCountry "SVK"]
[SourceTitle "EXT 2025"]
[Source "ChessBase"]
[SourceDate "2024.10.14"]
[SourceVersion "1"]
[SourceVersionDate "2024.10.14"]
[SourceQuality "1"]
[WhiteTeam "Kosice Slavia UPJS"]
[BlackTeam "Dunajov Martin"]
[WhiteTeamCountry "SVK"]
[BlackTeamCountry "SVK"]

1. b3 c5 2. Bb2 Nc6 3. g3 e5 4. Bg2 d6 5. e3 Nf6 6. Ne2 Be7 7. d4 Qc7 8. d5 Nb8 9. Nd2 0-0 10. h3 Nbd7 11. g4 b5 12. a4 bxa4 13. Rxa4 Nb6 14. Ra1 c4 15. Nc3 Bb7 16. e4 Nfd7 17. b4 a6 18. h4 Qd8 19. Nf3 Rc8 20. Ne2 Nf6 21. Ng3 c3 22. Bc1 Rc4 23. Nh2 Rxb4 24. g5 Nfd7 25. Nf5 Nc5 26. f3 Bc8 27. Be3 Bxf5 28. exf5 Rxh4 29. f6 gxf6 30. Bf2 Rf4 31. gxf6 Bxf6 32. Ng4 Bg7 33. Be3 Nc4 34. Bxc5 dxc5 35. Qd3 f5 36. Ke2 e4 37. fxe4 Rxg4 38. Bf3 0-1

[Event "SVK-chT2C 2324"]
[Site "Slovakia"]
[Date "2023.10.08"]
[Round "2.2"]
[White "Szamos, Alexander"]
[Black "Kantorik, Marian"]
[Result "1/2-1/2"]
[WhiteElo "2114"]
[BlackElo "2184"]
[PlyCount "38"]
[EventDate "2023.10.07"]
[EventType "team-tourn"]
[EventRounds "11"]
[EventCountry "SVK"]
[SourceTitle "EXT 2025"]
[Source "ChessBase"]
[SourceDate "2024.10.14"]
[SourceVersion "1"]
[SourceVersionDate "2024.10.14"]
[SourceQuality "1"]
[WhiteTeam "Filakovo"]
[BlackTeam "Zilina Mladost II"]
[WhiteTeamCountry "SVK"]
[BlackTeamCountry "SVK"]

1. Nf3 d5 2. g3 c5 3. d4 e6 4. Bg2 Nc6 5. 0-0 Nf6 6. b3 Be7 7. Bb2 b6 8. c4 Bb7 9. cxd5 exd5 10. Nc3 0-0 11. Rc1 Re8 12. Qd3 Nb4 13. Qf5 Ne4 14. a3 g6 15. Qf4 Nxc3 16. Rxc3 Nc6 17. Rd1 Bd6 18. Qd2 cxd4 19. Rc2 Qf6 1/2-1/2

[Event "SVK-chT2C 2324"]
[Site "Slovakia"]
[Date "2023.10.07"]
[Round "1.2"]
[White "Kantorik, Marian"]
[Black "Halak, Miklos"]
[Result "1-0"]
[WhiteElo "2184"]
[BlackElo "2239"]
[PlyCount "39"]
[EventDate "2023.10.07"]
[EventType "team-tourn"]
[EventRounds "11"]
[EventCountry "SVK"]
[SourceTitle "EXT 2025"]
[Source "ChessBase"]
[SourceDate "2024.10.14"]
[SourceVersion "1"]
[SourceVersionDate "2024.10.14"]
[SourceQuality "1"]
[WhiteTeam "Zilina Mladost II"]
[BlackTeam "Cebovce II"]
[WhiteTeamCountry "SVK"]
[BlackTeamCountry "SVK"]

1. d4 d5 2. Bf4 Nf6 3. e3 e6 4. Nf3 Bd6 5. Bg3 0-0 6. Nbd2 Re8 7. Bd3 Nbd7 8. Ne5 Qe7 9. f4 c5 10. c3 Nf8 11. Bh4 cxd4 12. exd4 Ng6 13. Bg5 h6 14. h4 Bxe5 15. fxe5 hxg5 16. hxg5 Ne4 17. Nxe4 dxe4 18. Qh5 Qc7 19. Bxe4 Kf8 20. 0-0 1-0

[Event "WchT Seniors 50"]
[Site "Struga"]
[Date "2023.09.22"]
[Round "4.4"]
[White "Dougherty, Michael J"]
[Black "Kantorik, Marian"]
[Result "0-1"]
[WhiteElo "2062"]
[BlackElo "2195"]
[PlyCount "56"]
[EventDate "2023.09.19"]
[EventType "team-swiss"]
[EventRounds "9"]
[EventCountry "MKD"]
[SourceTitle "CBM 216 Extra"]
[Source "ChessBase"]
[SourceDate "2023.11.30"]
[SourceVersion "1"]
[SourceVersionDate "2023.11.30"]
[SourceQuality "1"]
[WhiteTeam "Canada 50"]
[BlackTeam "Slovakia 50"]
[WhiteTeamCountry "CAN"]
[BlackTeamCountry "SVK"]

1. Nf3 f5 2. d4 Nf6 3. Bg5 e6 4. Nbd2 d5 5. g4 Be7 6. gxf5 exf5 7. c4 c6 8. e3 Ne4 9. h4 Bxg5 10. hxg5 Be6 11. Bd3 Nd7 12. Qe2 Qe7 13. g6 h6 14. Nh4 0-0 15. 0-0-0 c5 16. Kb1 Rac8 17. Bxe4 fxe4 18. f3 cxd4 19. fxe4 dxc4 20. exd4 c3 21. bxc3 Rxc3 22. Qb5 Rfc8 23. Nf5 Qa3 24. d5 Bxf5 25. exf5 Nf6 26. Rhe1 b6 27. d6 a6 28. d7 axb5 0-1

[Event "Skalica op-A"]
[Site "Skalica"]
[Date "2023.08.26"]
[Round "8"]
[White "Bochnicka, Vladimir1"]
[Black "Kantorik, Marian"]
[Result "1-0"]
[WhiteElo "2368"]
[BlackElo "2208"]
[PlyCount "67"]
[EventDate "2023.08.19"]
[EventType "swiss"]
[EventRounds "9"]
[EventCountry "SVK"]
[SourceTitle "CBM 215 Extra"]
[Source "ChessBase"]
[SourceDate "2023.09.30"]
[SourceVersion "1"]
[SourceVersionDate "2023.09.30"]
[SourceQuality "1"]

1. e4 c5 2. Nf3 e6 3. g3 d5 4. exd5 exd5 5. d4 Nc6 6. Bg2 Nf6 7. 0-0 Be7 8. Nc3 0-0 9. dxc5 Bxc5 10. a3 Bg4 11. h3 Be6 12. b4 Be7 13. Bb2 Rc8 14. Re1 Re8 15. Ng5 Bf5 16. Nxd5 Bg6 17. Nxe7+ Rxe7 18. Qxd8+ Rxd8 19. Rxe7 Nxe7 20. Re1 Nc6 21. c4 h6 22. Nf3 Rd3 23. b5 Na5 24. Ne5 Rb3 25. Bd4 Rxa3 26. Bxa7 Nxc4 27. Bc5 Rc3 28. Bd4 Rc2 29. Nxg6 fxg6 30. Bxb7 Na5 31. Bf3 Rd2 32. Bc3 Rd3 33. Re3 Rxe3 34. fxe3 1-0